[Event "2. liga D 17/18, Hradec Kralove B-Lipa"]
[Site ""]
[Date "2017.12.17"]
[Round "5.2"]
[White "Jedlicka, Lubos"]
[Black "Pokorny, Zdenek"]
[WhiteElo "2161"]
[BlackElo "2239"]
[Result "0-1"]
[PlyCount "72"]

1. c4 e5 2. g3 Nc6 3. Bg2 f5 4. Nc3 Nf6 5. d3 Bc5 6. e3 O-O 7. Nge2 d6 8. O-O
a5 9. Rb1 g5 10. Nd5 f4 11. d4 Ba7 12. dxe5 dxe5 13. exf4 gxf4 14. gxf4 Bg4 15.
Be3 Nd4 16. Bxd4 exd4 17. Qd3 c6 18. Nxf6+ Qxf6 19. Ng3 Qxf4 20. Rbe1 Rae8 21.
Rxe8 Rxe8 22. h3 Bd7 23. Qb3 Bc8 24. c5+ Kh8 25. Qa3 a4 26. b4 Bb8 27. Qd3 Rf8
28. Qe2 Bf5 29. Rd1 Bg6 30. Rd2 d3 31. Qe1 Be5 32. Ne4 Qh2+ 33. Kf1 Bd4 34. Qd1
Bxe4 35. Qg4 Bxg2+ 36. Qxg2 Qf4 0-1

[Event "2. liga D 17/18, Hradec Kralove B-Lipa"]
[Site ""]
[Date "2017.12.17"]
[Round "5.3"]
[White "Safarik, Jakub"]
[Black "Varejcko, Josef"]
[WhiteElo "2186"]
[BlackElo "2268"]
[Result "1-0"]
[PlyCount "83"]

1. c4 g6 2. Qc2 Bg7 3. a3 c5 4. e3 Nc6 5. Nf3 Nf6 6. b3 O-O 7. Bb2 b6 8. d3 d5
9. cxd5 Qxd5 10. Be2 Rd8 11. O-O Ba6 12. Rd1 Rac8 13. Nc3 Qd7 14. Qb1 Qe8 15.
Ne1 e5 16. Bf3 Qe6 17. b4 cxb4 18. axb4 Nxb4 19. Ra4 Qb3 20. Ra3 Qe6 21. Ba1
Bf8 22. Ra4 Qe7 23. g4 b5 24. Ra5 Qc7 25. Ra3 h6 26. Rb3 Qc5 27. d4 exd4 28.
exd4 Qd6 29. d5 Rc4 30. h3 h5 31. g5 Nh7 32. Ne4 Rxe4 33. Qxe4 Nxg5 34. Qd4 f6
35. Bg2 Be7 36. Rg3 Kf7 37. h4 Nh7 38. Qxa7 Rd7 39. Qe3 Bf8 40. Qe4 f5 41. Qe6+
Qxe6 42. dxe6+ 1-0

[Event "2. liga D 17/18, Hradec Kralove B-Lipa"]
[Site ""]
[Date "2017.12.17"]
[Round "5.4"]
[White "Fiedler, Bedrich"]
[Black "Novak, Radomir"]
[WhiteElo "2100"]
[BlackElo "2129"]
[Result "1/2-1/2"]
[PlyCount "24"]

1. Nf3 d5 2. c4 c6 3. g3 Nf6 4. b3 g6 5. Bb2 Bg7 6. Bg2 O-O 7. O-O Nbd7 8. d3
Re8 9. Nbd2 e5 10. cxd5 Nxd5 11. Qc2 N7b6 12. a3 Qe7 1/2-1/2

[Event "2. liga D 17/18, Hradec Kralove B-Lipa"]
[Site ""]
[Date "2017.12.17"]
[Round "5.5"]
[White "Solc, Filip"]
[Black "Gloser, David"]
[WhiteElo "2036"]
[BlackElo "2013"]
[Result "1/2-1/2"]
[PlyCount "57"]

1. d4 Nf6 2. c4 g6 3. Nc3 d5 4. cxd5 Nxd5 5. e4 Nxc3 6. bxc3 Bg7 7. Bc4 O-O 8.
Nf3 c5 9. Rb1 Nc6 10. Be3 Bg4 11. O-O cxd4 12. cxd4 Bxf3 13. Qxf3 Nxd4 14. Bxd4
Qxd4 15. Bd5 e6 16. Bxb7 Rab8 17. Rfd1 Qa4 18. Qe2 Rfd8 19. Rxd8+ Rxd8 20. Ba6
Bc3 21. Bd3 a5 22. Rb3 Qd4 23. Bc2 a4 24. Rb1 Qd2 25. Qxd2 Rxd2 26. Bxa4 Bd4
27. Rf1 Rxa2 28. Bd1 Kg7 29. g3 1/2-1/2

[Event "2. liga D 17/18, Hradec Kralove B-Lipa"]
[Site ""]
[Date "2017.12.17"]
[Round "5.7"]
[White "Jaeger, Ludek"]
[Black "Szucs, Matyas"]
[WhiteElo "1998"]
[BlackElo "2034"]
[Result "0-1"]
[PlyCount "102"]

1. c4 e6 2. Nf3 d5 3. g3 Nf6 4. Bg2 c6 5. b3 Nbd7 6. Bb2 Bd6 7. O-O e5 8. d3
O-O 9. e3 Re8 10. Nc3 Nf8 11. Qc2 a6 12. a3 Ng6 13. b4 Bf5 14. Nd2 Rc8 15. Rad1
Qe7 16. Rfe1 Qe6 17. cxd5 cxd5 18. Qb3 Bxd3 19. Nxd5 Bc2 20. Nxf6+ Qxf6 21. Ne4
Qe7 22. Qd5 Bxd1 23. Nxd6 Rcd8 24. Rxd1 Qe6 25. a4 b5 26. axb5 axb5 27. f4 exf4
28. exf4 Qe3+ 29. Kh1 Re6 30. Be5 Nxe5 31. fxe5 Qxe5 32. Qxe5 Rxe5 33. Rc1 g6
34. Ne4 Rd4 35. Nf2 Re2 36. Kg1 Rxb4 37. Bf3 Rd2 38. Ne4 Rd3 39. Kg2 Rb2+ 40.
Nf2 Rdd2 41. Rf1 b4 42. Be4 f5 43. Bb7 Kf7 44. Kf3 Rb3+ 45. Kg2 Kf6 46. h4 Ke5
47. Re1+ Kd4 48. Rc1 Rbb2 49. Rf1 Ke3 50. Re1+ Re2 51. Kf1 Rxe1+ 0-1

[Event "2. liga D 17/18, Hradec Kralove B-Lipa"]
[Site ""]
[Date "2017.12.17"]
[Round "5.8"]
[White "Novak, Ludek"]
[Black "Nun, Josef"]
[WhiteElo "1952"]
[BlackElo "2168"]
[Result "0-1"]
[PlyCount "78"]

1. d4 g6 2. c4 Bg7 3. Nc3 c5 4. d5 Bxc3+ 5. bxc3 f5 6. Nf3 Nf6 7. e3 O-O 8. Bd3
d6 9. O-O Nbd7 10. Re1 Ng4 11. Ng5 Ndf6 12. f4 h6 13. h3 hxg5 14. fxg5 Ne5 15.
gxf6 exf6 16. e4 fxe4 17. Bxe4 f5 18. Bc2 Qh4 19. Rxe5 dxe5 20. Qe2 Bd7 21. Be3
b6 22. Qd2 f4 23. Bf2 Qf6 24. Be4 Bf5 25. Re1 Rad8 26. Qc2 Rfe8 27. Qe2 Kg7 28.
Kf1 Bxe4 29. Qxe4 Qf5 30. Bh4 Qxe4 31. Rxe4 Rd7 32. a4 g5 33. Bxg5 Kg6 34. h4
Kf5 35. Re1 e4 36. Kf2 Kg4 37. g3 e3+ 38. Kg1 Kxg3 39. h5 Re5 0-1